000 00323nam a2200133 4500
005 20260530113904.0
100 1 _aYukio Ota
_932604
245 1 0 _aICONCITY • LDSspace
264 1 _bPROMOPRESS
_c2010
300 _a224 páginas
336 _atexto
_2rdacontent
337 _asin medio
_2rdamedia
338 _avolumen
_2rdacarrier
999 _c11880
_d11880